| 000 | 00597nam a22001697a 4500 | ||
|---|---|---|---|
| 999 |
_c189387 _d189387 |
||
| 005 | 20220627153317.0 | ||
| 010 | _aENG-133396 | ||
| 020 |
_a97899387871113 _c350.00 |
||
| 035 | _aEN-116928 | ||
| 037 | _bDBAD/PUB | ||
| 082 |
_a658.4063 _22018 |
||
| 245 | _aNational Seminar on Strategies & Innovations in Management/ | ||
| 260 |
_aTamil Nadu _bShanlax Publications _c2018 |
||
| 270 |
_a61,66 T.P.K. Main Road, Vasantha Nagar _bMadurai _e625003 _k04524208765 _mpublisher@shanlaxpublications.com |
||
| 300 |
_a133p. _c23cm(pbk) _bReferences |
||
| 942 |
_2ddc _cEN _h658.4063 _mNAT _e2018 |
||